Test : êtes-vous un bon menteur ? - Statistiques

Statistiques générales
  • Ce quiz a été pris 253 fois
  • Le résultat moyen est 10 sur 10
Statistiques - réponses
Question Réponse % Correct
Le feu, ça brûle ? Non, ça mouille
97%
La neige est froide ? Non
96%
La Terre est ronde Non elle est plate
96%
Une pizza, ça ce mange ? Non, ça se regarde
95%
Emmanuel Macron est le président de la France ? Non, c'est qui ?
95%
Le Sahara est un désert Non, c'est une ville en Asie
95%
Les États-Unis est le pays le plus petit au monde Oui
95%
Tu travailles en 35H mais tu préférerais ne pas être rémunérer Oui, je préférerais travailler gratuitement
95%
Les poissons savent nager ? Non, il courent
94%
À quoi sert une montre ? Aider à manger
93%
Aucun quiz correspondant
Distribution des résultats
% des personnes avec chaque résultat
Percentile par nombre de réponses
Votre historique - résultats
Vous n’avez pas pris ce quiz